Running a public company (E-BOOK) (Record no. 193250)

000 -LEADER
fixed length control field 00709 a2200241 4500
003 - CONTROL NUMBER IDENTIFIER
control field Nust
005 - DATE AND TIME OF LATEST TRANSACTION
control field 20170207154054.0
010 ## - LIBRARY OF CONGRESS CONTROL NUMBER
LC control number 2009010820
020 ## - INTERNATIONAL STANDARD BOOK NUMBER
International Standard Book Number 0470446366 (cloth)
020 ## - INTERNATIONAL STANDARD BOOK NUMBER
International Standard Book Number 9780470446362 (cloth)
035 ## - SYSTEM CONTROL NUMBER
System control number (OCoLC)ocn316772273
040 ## - CATALOGING SOURCE
Transcribing agency Nust
082 00 - DEWEY DECIMAL CLASSIFICATION NUMBER
Classification number 658.15
100 1# - MAIN ENTRY--PERSONAL NAME
Personal name Bragg, Steven M.
245 10 - TITLE STATEMENT
Title Running a public company (E-BOOK)
Remainder of title from IPO to SEC reporting /
Statement of responsibility, etc. Steven M. Bragg.
260 ## - PUBLICATION, DISTRIBUTION, ETC.
Place of publication, distribution, etc. Hoboken, N.J. :
Name of publisher, distributor, etc. John Wiley & Sons,
Date of publication, distribution, etc. c2009.
300 ## - PHYSICAL DESCRIPTION
Extent xvii, 316 p. :
Other physical details ill. ;
Dimensions 24 cm.
500 ## - GENERAL NOTE
General note Includes index.
650 #0 - SUBJECT ADDED ENTRY--TOPICAL TERM
Topical term or geographic name entry element Corporations
General subdivision Finance.
650 #0 - SUBJECT ADDED ENTRY--TOPICAL TERM
Topical term or geographic name entry element Corporations.
650 #0 - SUBJECT ADDED ENTRY--TOPICAL TERM
Topical term or geographic name entry element Going public (Securities)
651 ## - SUBJECT ADDED ENTRY--GEOGRAPHIC NAME
Geographic name Running a public company (E-BOOK)
942 ## - ADDED ENTRY ELEMENTS (KOHA)
Source of classification or shelving scheme
Koha item type Book
Holdings
Withdrawn status Lost status Source of classification or shelving scheme Damaged status Not for loan Collection code Permanent Location Current Location Date acquired Total Checkouts Full call number Barcode Date last seen Price effective from Koha item type
            Military College of Signals (MCS) Military College of Signals (MCS) 12/12/2016   658.15 BRA MCSEB-2508 12/08/2016 12/12/2016 Book
© 2023 Central Library, National University of Sciences and Technology. All Rights Reserved.